Statistics for 中国所有含方位词的城市 Cities in China containing direction words

Click here to take the quiz!

General Stats

  • This quiz has been taken 120 times
  • The average score is 33 of 56

Answer Stats

方位省份人口/万城市% Correct
台湾966台北
100%
北京1775北京
98%
西陕西928西安
92%
江苏791南京
91%
台湾251台中
91%
广东956东莞
90%
广西457南宁
89%
西青海162西宁
89%
台湾112台南
88%
广东274中山
88%
广西64北海
88%
江西335南昌
87%
江苏158南通
86%
安徽82淮北
84%
河南85南阳
81%
安徽109淮南
79%
西黑龙江63鸡西
79%
山东93东营
79%
山东588济南
77%
山西79晋中
74%
福建46南平
73%
辽宁68丹东
73%
四川119南充
71%
青海19海东
68%
陕西53汉中
68%
陕西50渭南
66%
宁夏23中卫
65%
西藏5山南
64%
四川47巴中
62%
甘肃19陇南
60%
海南19东方
59%
新疆1北屯
54%
浙江46东阳
51%
西四川54西昌
51%
西甘肃20定西
49%
江苏38启东
44%
黑龙江13北安
43%
江苏33东台
40%
辽宁16北票
38%
辽宁23东港
37%
江苏18扬中
36%
四川27阆中
33%
福建27南安
33%
西山东32莱西
33%
西贵州暂无数据黔西
32%
湖南36邵东
29%
广西28北流
28%
辽宁12北镇
28%
黑龙江6东宁
28%
广西14东兴
27%
河北14南宫
26%
黑龙江26肇东
25%
吉林11洮南
21%
广东11南雄
20%
江西19龙南
20%
西广西12靖西
17%

Score Distribution

Percentile by Number Answered

Percent of People with Each Score

Your Score History

You have not taken this quiz